Score 0/15 Timer 03:00
1 Play Today
Entry 4-Letter Word % Correct
Tear, tore, ____TORN
96.3%
Not noon nor e'enMORN
86.2%
Most? Not so! (Not yet, anyway)MORE
73.1%
Roman name, same as 'Ares'MARS
70.4%
StoreMART
68.1%
Army mattersWARS
65.2%
Waste away, sorta (re: moon)WANE
63.5%
Ms. Astor or Ms. T. MooreMARY
63.3%
Entry 4-Letter Word % Correct
Wen (on a nose?)WART
62.1%
Moon's 'sea' (yet no water)MARE
62%
Term tween 'some' 'n 'tons'MANY
58.4%
Messy tresses, to someMANE
56.3%
YenWANT
53.3%
Ran awayWENT
51.5%
Synonym to Entry 1's answerRENT
40.1%

Today's Daily Dose

Remove Ads.
Support Sporcle.
Get the best of Sporcle when you Go Orange. This ad-free experience offers more features, more stats, and more fun while also helping to support Sporcle. Thank you for becoming a member.

You're not logged in!

Compare scores with friends on all Sporcle quizzes.
OR
Log In

Show Comments

Extras

Top Quizzes Today


Score Distribution

Your Account Isn't Verified!

In order to create a playlist on Sporcle, you need to verify the email address you used during registration. Go to your Sporcle Settings to finish the process.

Report this User

Report this user for behavior that violates our Community Guidelines.

Details: